El Militarismo peruano o la "Revolución desde arriba" /

Shranjeno v:
Bibliografske podrobnosti
Glavni avtor: Murga Frassinetti, Antonio
Format: Texto
Jezik:Spanish
Teme:
Oznake: Označite
Brez oznak, prvi označite!

MARC

LEADER 00000 a a2200000 04500
001 7815
003 cru CRAI/IIS
005 20210422112948.0
008 210422b ||||| |||| 00| 0 spa d
040 |c cru CRAI/IIS 
100 |a Murga Frassinetti, Antonio  
245 1 3 |a El Militarismo peruano o la "Revolución desde arriba" /  |c Antonio Murga Frassinetti 
650 4 |9 1934  |a MILITARISMO 
651 0 |9 2675  |a PERU 
773 |g número 2; páginas 184-188  
773 0 |0 18875  |9 5536  |a Universidad de Costa Rica.  |d San José, Costa Rica: Universidad de Costa Rica. Consejo Superior Universitario Centroamericano, 1972-  |o 13786  |t Estudios Sociales Centroamericanos /  |x 03039676 
942 |2 ddc  |c PP 
999 |c 24986  |d 24986